[Event "Rapid 2018"]
[Site "Saint-Petersburg"]
[Date "2018.12.27"]
[Round "10"]
[Board "38"]
[White "Yudin Sergei (RUS)"]
[Black "Postny Evgeny (ISR)"]
[Result "1/2-1/2"]
[LiveChessVersion "1.4.8"]
[BlackElo "2599"]
[WhiteElo "2643"]

1. e4 {[%clk 0:15:18]} e5 {[%clk 0:15:19]} 2. Nf3 {[%clk 0:15:25]} Nc6
{[%clk 0:15:27]} 3. Bc4 {[%clk 0:15:33]} Nf6 {[%clk 0:15:32]} 4. d3
{[%clk 0:15:41]} Bc5 {[%clk 0:15:39]} 5. O-O {[%clk 0:15:47]} d6 {[%clk 0:15:46]}
6. c3 {[%clk 0:15:53]} a5 {[%clk 0:15:46]} 7. h3 {[%clk 0:15:45]} h6
{[%clk 0:15:44]} 8. Re1 {[%clk 0:15:32]} O-O {[%clk 0:15:48]} 9. Nbd2
{[%clk 0:15:39]} Ba7 {[%clk 0:14:16]} 10. Nf1 {[%clk 0:15:38]} Ne7
{[%clk 0:14:21]} 11. Ng3 {[%clk 0:15:29]} Ng6 {[%clk 0:14:29]} 12. Bb3
{[%clk 0:15:09]} c6 {[%clk 0:14:08]} 13. d4 {[%clk 0:15:13]} Re8 {[%clk 0:14:13]}
14. Be3 {[%clk 0:15:03]} Bb6 {[%clk 0:12:39]} 15. Qd2 {[%clk 0:14:49]} a4
{[%clk 0:12:32]} 16. Bc2 {[%clk 0:14:54]} a3 {[%clk 0:12:36]} 17. b4
{[%clk 0:14:23]} Be6 {[%clk 0:12:25]} 18. Nf5 {[%clk 0:14:00]} Bxf5
{[%clk 0:10:28]} 19. exf5 {[%clk 0:14:07]} exd4 {[%clk 0:10:05]} 20. Bxd4
{[%clk 0:13:06]} Ne5 {[%clk 0:09:42]} 21. Bxb6 {[%clk 0:11:02]} Qxb6
{[%clk 0:09:18]} 22. Nxe5 {[%clk 0:10:47]} dxe5 {[%clk 0:09:25]} 23. Rad1
{[%clk 0:10:47]} Rad8 {[%clk 0:09:14]} 24. Qc1 {[%clk 0:10:53]} Rxd1
{[%clk 0:09:05]} 25. Bxd1 {[%clk 0:10:41]} e4 {[%clk 0:08:45]} 26. Bb3
{[%clk 0:10:46]} Qb5 {[%clk 0:05:18]} 27. g4 {[%clk 0:09:31]} Qa6
{[%clk 0:04:06]} 28. Qd2 {[%clk 0:08:29]} Qb6 {[%clk 0:04:10]} 29. Kg2
{[%clk 0:07:54]} Qc7 {[%clk 0:03:58]} 30. Qc1 {[%clk 0:07:34]} Rd8
{[%clk 0:03:57]} 31. Rd1 {[%clk 0:06:15]} Rxd1 {[%clk 0:03:18]} 32. Qxd1
{[%clk 0:06:20]} e3 {[%clk 0:03:26]} 33. fxe3 {[%clk 0:06:01]} Ne4
{[%clk 0:03:34]} 34. Kf3 {[%clk 0:05:40]} Ng5+ {[%clk 0:03:31]} 35. Kg2
{[%clk 0:05:40]} Ne4 {[%clk 0:03:39]} 36. Kf3 {[%clk 0:05:00]} Qe5
{[%clk 0:03:33]} 37. Qd3 {[%clk 0:01:31]} Ng5+ {[%clk 0:03:01]} 38. Kg2
{[%clk 0:01:38]} Ne4 {[%clk 0:03:09]} 39. Kf3 {[%clk 0:01:46]} Ng5+
{[%clk 0:02:35]} 40. Kg2 {[%clk 0:01:55]} Ne4 {[%clk 0:02:07]} 41. Kf3
{[%clk 0:02:03]} Ng5+ {[%clk 0:02:10]} 1/2-1/2

[Event "Rapid 2018"]
[Site "Saint-Petersburg"]
[Date "2018.12.27"]
[Round "10"]
[Board "39"]
[White "Mchedlishvili Mikheil (GEO)"]
[Black "Jumabayev Rinat (KAZ)"]
[Result "1-0"]
[LiveChessVersion "1.4.8"]
[BlackElo "2593"]
[WhiteElo "2637"]

1. d4 {[%clk 0:15:17]} d5 {[%clk 0:15:19]} 2. c4 {[%clk 0:15:19]} dxc4
{[%clk 0:15:27]} 3. Nf3 {[%clk 0:14:58]} Nf6 {[%clk 0:15:24]} 4. Nc3
{[%clk 0:14:56]} e6 {[%clk 0:15:24]} 5. e4 {[%clk 0:14:45]} b5 {[%clk 0:15:32]}
6. e5 {[%clk 0:14:37]} Nd5 {[%clk 0:15:40]} 7. Nxb5 {[%clk 0:14:34]} Nb6
{[%clk 0:15:48]} 8. Be2 {[%clk 0:14:33]} Nc6 {[%clk 0:14:27]} 9. O-O
{[%clk 0:14:29]} Be7 {[%clk 0:11:54]} 10. Qd2 {[%clk 0:14:26]} Bb7
{[%clk 0:11:03]} 11. Qf4 {[%clk 0:14:19]} Qd7 {[%clk 0:10:58]} 12. Rd1
{[%clk 0:10:45]} h6 {[%clk 0:10:12]} 13. b3 {[%clk 0:08:51]} cxb3
{[%clk 0:09:32]} 14. axb3 {[%clk 0:07:14]} Nb4 {[%clk 0:09:26]} 15. Qg3
{[%clk 0:06:32]} g6 {[%clk 0:08:52]} 16. Bd2 {[%clk 0:06:28]} N6d5
{[%clk 0:08:29]} 17. Ne1 {[%clk 0:05:49]} a5 {[%clk 0:07:36]} 18. Nc3
{[%clk 0:05:44]} Nb6 {[%clk 0:06:08]} 19. Be3 {[%clk 0:04:01]} N4d5
{[%clk 0:05:37]} 20. Nxd5 Bxd5 {[%clk 0:05:33]} 21. Bd2 {[%clk 0:03:28]} a4
{[%clk 0:05:18]} 22. bxa4 {[%clk 0:03:36]} Rxa4 {[%clk 0:05:25]} 23. Rxa4
{[%clk 0:03:23]} Qxa4 {[%clk 0:05:33]} 24. Qc3 {[%clk 0:03:30]} Qc6
{[%clk 0:04:17]} 25. Qb2 {[%clk 0:03:32]} Kf8 {[%clk 0:04:26]} 26. Rc1
{[%clk 0:03:37]} Qb7 {[%clk 0:04:09]} 27. Bb4 {[%clk 0:03:42]} Bxb4
{[%clk 0:03:36]} 28. Qxb4+ {[%clk 0:03:51]} Kg7 {[%clk 0:03:44]} 29. Qe7
{[%clk 0:03:58]} Rc8 {[%clk 0:03:08]} 30. h4 {[%clk 0:03:53]} Be4
{[%clk 0:03:17]} 31. Qf6+ {[%clk 0:03:36]} Kg8 {[%clk 0:03:26]} 32. Qf4
{[%clk 0:03:45]} h5 {[%clk 0:02:14]} 33. Bf3 {[%clk 0:02:26]} Bd5
{[%clk 0:01:56]} 34. Qg5 {[%clk 0:01:59]} Nd7 {[%clk 0:01:53]} 35. Bxh5
{[%clk 0:01:59]} Qb4 {[%clk 0:01:10]} 36. Nc2 {[%clk 0:01:14]} Qc3
{[%clk 0:00:47]} 37. Be2 {[%clk 0:01:05]} c5 {[%clk 0:00:40]} 38. h5
{[%clk 0:01:13]} cxd4 {[%clk 0:00:26]} 39. hxg6 {[%clk 0:01:18]} 1-0

[Event "Rapid 2018"]
[Site "Saint-Petersburg"]
[Date "2018.12.27"]
[Round "10"]
[Board "40"]
[White "Antipov Mikhail Al. (RUS)"]
[Black "Yilmaz Mustafa (TUR)"]
[Result "1-0"]
[LiveChessVersion "1.4.8"]
[BlackElo "2546"]
[WhiteElo "2628"]

1. e4 {[%clk 0:15:19]} c5 {[%clk 0:15:19]} 2. Nf3 {[%clk 0:15:27]} d6
{[%clk 0:15:28]} 3. Bb5+ {[%clk 0:15:36]} Nd7 {[%clk 0:15:32]} 4. Ba4
{[%clk 0:15:44]} Ngf6 {[%clk 0:15:15]} 5. O-O {[%clk 0:15:51]} a6
{[%clk 0:14:58]} 6. c4 {[%clk 0:15:58]} e6 {[%clk 0:14:59]} 7. Nc3
{[%clk 0:15:52]} Be7 {[%clk 0:14:50]} 8. d4 {[%clk 0:14:32]} cxd4
{[%clk 0:14:57]} 9. Qxd4 {[%clk 0:14:38]} O-O {[%clk 0:14:53]} 10. h3
{[%clk 0:14:24]} b6 {[%clk 0:12:53]} 11. Bg5 {[%clk 0:14:24]} Bb7
{[%clk 0:12:11]} 12. Rad1 {[%clk 0:14:15]} h6 {[%clk 0:11:22]} 13. Bh4
{[%clk 0:14:03]} Nc5 {[%clk 0:09:21]} 14. Bc2 {[%clk 0:14:09]} Rc8
{[%clk 0:08:21]} 15. Bg3 {[%clk 0:10:00]} e5 {[%clk 0:06:42]} 16. Qe3
{[%clk 0:10:09]} Qc7 {[%clk 0:06:48]} 17. Nh4 {[%clk 0:09:09]} Nh5
{[%clk 0:06:28]} 18. Nf5 {[%clk 0:08:52]} Rfd8 {[%clk 0:05:26]} 19. Qf3
{[%clk 0:08:09]} Nxg3 {[%clk 0:05:34]} 20. Qxg3 {[%clk 0:08:17]} Bf6
{[%clk 0:05:19]} 21. Nxh6+ {[%clk 0:08:22]} Kf8 {[%clk 0:05:20]} 22. Ng4
{[%clk 0:08:18]} Ne6 {[%clk 0:05:29]} 23. Ne3 {[%clk 0:07:34]} Nf4
{[%clk 0:04:35]} 24. Qf3 {[%clk 0:07:27]} Qc5 {[%clk 0:04:18]} 25. Bb3
{[%clk 0:06:26]} Ne6 {[%clk 0:02:48]} 26. Ned5 {[%clk 0:06:24]} Nd4
{[%clk 0:02:48]} 27. Qh5 {[%clk 0:05:28]} g6 {[%clk 0:02:51]} 28. Qh7
{[%clk 0:05:24]} Bg7 {[%clk 0:02:53]} 29. Na4 {[%clk 0:04:38]} Qa5
{[%clk 0:02:35]} 30. Naxb6 {[%clk 0:04:42]} Rb8 {[%clk 0:02:34]} 31. f4
{[%clk 0:03:38]} exf4 {[%clk 0:01:45]} 32. Nxf4 {[%clk 0:03:09]} Ne2+
{[%clk 0:00:17]} 33. Nxe2 {[%clk 0:03:07]} Qxb6+ {[%clk 0:00:24]} 34. Kh1
{[%clk 0:02:50]} Rd7 {[%clk 0:00:28]} 35. Nf4 {[%clk 0:02:39]} Bxe4
{[%clk 0:00:31]} 36. Ne6+ {[%clk 0:02:27]} Ke7 {[%clk 0:00:34]} 37. Qxg7
{[%clk 0:02:06]} Qe3 {[%clk 0:00:33]} 38. Qxf7# {[%clk 0:02:13]} 1-0

[Event "Rapid 2018"]
[Site "Saint-Petersburg"]
[Date "2018.12.27"]
[Round "10"]
[Board "41"]
[White "Kazhgaleyev Murtas (KAZ)"]
[Black "Vallejo Pons Francisco (ESP)"]
[Result "1/2-1/2"]
[LiveChessVersion "1.4.8"]
[BlackElo "2628"]
[WhiteElo "2462"]

1. d4 {[%clk 0:15:09]} d5 {[%clk 0:15:18]} 2. c4 {[%clk 0:15:17]} dxc4
{[%clk 0:15:25]} 3. Nf3 {[%clk 0:15:19]} Nf6 {[%clk 0:15:33]} 4. e3
{[%clk 0:15:27]} e6 {[%clk 0:15:42]} 5. Bxc4 {[%clk 0:15:35]} c5 {[%clk 0:15:50]}
6. O-O {[%clk 0:15:40]} cxd4 {[%clk 0:15:58]} 7. exd4 {[%clk 0:15:43]} Be7
{[%clk 0:16:07]} 8. Nc3 {[%clk 0:15:44]} O-O {[%clk 0:16:14]} 9. Bg5
{[%clk 0:15:39]} Nc6 {[%clk 0:16:17]} 10. a3 {[%clk 0:15:20]} b6 {[%clk 0:16:25]}
11. Qd3 {[%clk 0:15:22]} Bb7 {[%clk 0:16:25]} 12. Rad1 {[%clk 0:15:24]} h6
{[%clk 0:15:44]} 13. Bxf6 {[%clk 0:12:30]} Bxf6 {[%clk 0:15:52]} 14. d5
{[%clk 0:12:39]} Na5 {[%clk 0:14:34]} 1/2-1/2

[Event "Rapid 2018"]
[Site "Saint-Petersburg"]
[Date "2018.12.27"]
[Round "10"]
[Board "42"]
[White "Inarkiev Ernesto (RUS)"]
[Black "Ghaem Maghami Ehsan (IRI)"]
[Result "1-0"]
[LiveChessVersion "1.4.8"]
[BlackElo "2524"]
[WhiteElo "2624"]

1. c4 {[%clk 0:15:19]} Nf6 {[%clk 0:15:00]} 2. Nc3 {[%clk 0:15:27]} e6
{[%clk 0:15:04]} 3. e4 {[%clk 0:15:26]} d5 {[%clk 0:15:11]} 4. cxd5
{[%clk 0:15:34]} exd5 {[%clk 0:15:19]} 5. e5 {[%clk 0:15:43]} Ne4
{[%clk 0:15:25]} 6. d4 {[%clk 0:15:52]} Bb4 {[%clk 0:14:42]} 7. Qa4+
{[%clk 0:16:01]} Nc6 {[%clk 0:14:48]} 8. Bb5 {[%clk 0:16:10]} Bd7
{[%clk 0:13:04]} 9. Nge2 {[%clk 0:16:17]} a6 {[%clk 0:11:46]} 10. Bxc6
{[%clk 0:16:09]} Bxc3+ {[%clk 0:11:53]} 11. bxc3 {[%clk 0:16:16]} Bxc6
{[%clk 0:12:00]} 12. Qc2 {[%clk 0:16:23]} Bb5 {[%clk 0:11:27]} 13. f3
{[%clk 0:16:28]} Ng5 {[%clk 0:10:51]} 14. Ng3 {[%clk 0:14:33]} Ne6
{[%clk 0:08:33]} 15. h4 {[%clk 0:14:23]} c5 {[%clk 0:08:21]} 16. Nf5
{[%clk 0:13:55]} O-O {[%clk 0:08:07]} 17. Bg5 {[%clk 0:12:57]} Qd7
{[%clk 0:06:34]} 18. a4 {[%clk 0:10:20]} Bc4 19. Rh3 cxd4 {[%clk 0:03:24]} 20.
cxd4 {[%clk 0:09:24]} f6 {[%clk 0:02:48]} 21. exf6 {[%clk 0:09:03]} gxf6
{[%clk 0:02:47]} 22. Bh6 {[%clk 0:08:37]} Rfe8 {[%clk 0:02:41]} 23. Kf2 Ng5 24.
hxg5 {[%clk 0:05:57]} Re2+ {[%clk 0:02:49]} 25. Qxe2 {[%clk 0:06:06]} Bxe2 26.
Ne3 Bd3 {[%clk 0:01:12]} 27. Ng4 {[%clk 0:06:15]} Qc6 {[%clk 0:00:12]} 28. Re1
{[%clk 0:06:24]} Bf5 {[%clk 0:00:17]} 29. Rg3 {[%clk 0:05:44]} Bxg4
{[%clk 0:00:00]} 30. gxf6 {[%clk 0:05:49]} Kf7 {[%clk 0:00:18]} 31. Rxg4
{[%clk 0:05:58]} Re8 {[%clk 0:00:26]} 32. Rc1 {[%clk 0:05:19]} Qxa4
{[%clk 0:00:26]} 33. Rc7+ {[%clk 0:05:19]} Kxf6 {[%clk 0:00:32]} 34. Kg3
{[%clk 0:03:36]} Qb4 {[%clk 0:00:15]} 35. Rxh7 {[%clk 0:03:32]} a5
{[%clk 0:00:14]} 36. Bf4 {[%clk 0:03:13]} Qe1+ {[%clk 0:00:23]} 37. Kh2
{[%clk 0:03:20]} a4 {[%clk 0:00:24]} 38. Bg3 {[%clk 0:03:20]} Qd2
{[%clk 0:00:25]} 39. Bh4+ {[%clk 0:02:48]} Kf5 {[%clk 0:00:16]} 40. Rf7+
{[%clk 0:01:32]} Ke6 {[%clk 0:00:25]} 41. Rxb7 {[%clk 0:01:41]} Kd6
{[%clk 0:00:25]} 42. Rg6+ {[%clk 0:01:23]} Re6 {[%clk 0:00:34]} 43. Rb6+
{[%clk 0:01:24]} Kd7 {[%clk 0:00:26]} 44. Rbxe6 {[%clk 0:01:27]} Qf4+
{[%clk 0:00:13]} 45. g3 {[%clk 0:01:25]} Qd2+ {[%clk 0:00:15]} 46. Kh3
{[%clk 0:01:34]} 1-0

[Event "Rapid 2018"]
[Site "Saint-Petersburg"]
[Date "2018.12.27"]
[Round "10"]
[Board "44"]
[White "Sarana Alexey (RUS)"]
[Black "Vokhidov Shamsiddin (UZB)"]
[Result "1-0"]
[LiveChessVersion "1.4.8"]
[BlackElo "2304"]
[WhiteElo "2617"]

1. d4 {[%clk 0:15:19]} d5 {[%clk 0:15:20]} 2. Nf3 {[%clk 0:15:28]} c6
{[%clk 0:15:27]} 3. c4 {[%clk 0:15:36]} e6 {[%clk 0:15:36]} 4. Nbd2
{[%clk 0:15:43]} Nf6 {[%clk 0:15:34]} 5. g3 {[%clk 0:15:52]} b6 {[%clk 0:15:16]}
6. Bg2 {[%clk 0:16:00]} Bb7 {[%clk 0:15:24]} 7. O-O {[%clk 0:16:06]} Nbd7
{[%clk 0:15:32]} 8. Qc2 {[%clk 0:15:59]} c5 {[%clk 0:15:30]} 9. cxd5
{[%clk 0:15:33]} exd5 {[%clk 0:14:47]} 10. dxc5 {[%clk 0:15:17]} bxc5
{[%clk 0:14:42]} 11. e4 {[%clk 0:14:19]} Be7 {[%clk 0:13:20]} 12. e5
{[%clk 0:13:54]} Ne4 {[%clk 0:12:15]} 13. Nxe4 {[%clk 0:13:53]} dxe4
{[%clk 0:12:24]} 14. Nd2 {[%clk 0:13:57]} Nxe5 {[%clk 0:12:27]} 15. Bxe4
{[%clk 0:13:26]} Qd7 {[%clk 0:09:01]} 16. Re1 {[%clk 0:11:15]} Ng6
{[%clk 0:09:10]} 17. Bxb7 {[%clk 0:09:18]} Qxb7 {[%clk 0:09:18]} 18. h4
{[%clk 0:08:55]} Nf8 {[%clk 0:07:25]} 19. Nc4 {[%clk 0:06:21]} Ne6
{[%clk 0:07:32]} 20. Qa4+ {[%clk 0:06:30]} Qd7 {[%clk 0:06:14]} 21. Qxd7+
{[%clk 0:06:37]} Kxd7 {[%clk 0:06:23]} 22. Ne5+ {[%clk 0:06:46]} Ke8
{[%clk 0:06:32]} 23. Be3 {[%clk 0:06:47]} Rc8 {[%clk 0:04:13]} 24. Rad1
{[%clk 0:06:34]} f6 {[%clk 0:04:21]} 25. Nc4 {[%clk 0:06:21]} Rc7
{[%clk 0:04:14]} 26. Rd3 {[%clk 0:04:34]} Kf7 {[%clk 0:04:13]} 27. Ra3
{[%clk 0:04:35]} Rd8 {[%clk 0:03:55]} 28. Ra6 {[%clk 0:04:41]} Nd4
{[%clk 0:03:58]} 29. Kg2 {[%clk 0:04:49]} Nc2 {[%clk 0:03:09]} 30. Re2
{[%clk 0:04:58]} Nb4 {[%clk 0:03:18]} 31. Ra4 {[%clk 0:05:02]} Rd1
{[%clk 0:03:18]} 32. Bd2 {[%clk 0:04:01]} Rd7 {[%clk 0:03:00]} 33. Bc3
{[%clk 0:03:46]} Nd5 {[%clk 0:03:05]} 34. Ne3 {[%clk 0:03:32]} Nxc3
{[%clk 0:02:40]} 35. bxc3 {[%clk 0:03:41]} R1d3 {[%clk 0:02:34]} 36. c4
{[%clk 0:03:34]} Bd6 {[%clk 0:02:43]} 37. Ra5 {[%clk 0:03:12]} g6
{[%clk 0:01:43]} 38. Ra6 {[%clk 0:02:08]} Be5 {[%clk 0:01:24]} 39. Nd5
{[%clk 0:02:17]} Rb7 {[%clk 0:01:12]} 40. Rc6 {[%clk 0:02:23]} Bd4
{[%clk 0:01:17]} 41. Rc8 {[%clk 0:02:27]} Ra3 {[%clk 0:01:20]} 42. g4
{[%clk 0:01:49]} f5 {[%clk 0:01:19]} 43. g5 {[%clk 0:01:42]} Ra4 {[%clk 0:01:25]}
44. Rc2 {[%clk 0:00:53]} Ke6 {[%clk 0:01:18]} 45. Re2+ {[%clk 0:00:39]} Kd6
{[%clk 0:00:47]} 46. Rd8+ {[%clk 0:00:13]} Rd7 {[%clk 0:00:56]} 47. Rxd7+
{[%clk 0:00:17]} Kxd7 {[%clk 0:01:04]} 48. Re7+ {[%clk 0:00:26]} Kd6
{[%clk 0:01:00]} 49. Rxh7 {[%clk 0:00:34]} Rxa2 {[%clk 0:00:41]} 50. Rh6
{[%clk 0:00:17]} Rxf2+ {[%clk 0:00:39]} 51. Kg3 {[%clk 0:00:26]} Rc2
{[%clk 0:00:37]} 52. Rxg6+ {[%clk 0:00:35]} Ke5 {[%clk 0:00:46]} 53. Ne7
{[%clk 0:00:14]} Ke4 {[%clk 0:00:44]} 54. Nc6 {[%clk 0:00:16]} Bf2+
{[%clk 0:00:23]} 55. Kh3 {[%clk 0:00:25]} Rc3+ {[%clk 0:00:30]} 56. Kg2
{[%clk 0:00:34]} Bxh4 {[%clk 0:00:36]} 57. Re6+ {[%clk 0:00:44]} Kf4
{[%clk 0:00:45]} 58. g6 {[%clk 0:00:53]} Rc2+ {[%clk 0:00:37]} 59. Kf1
{[%clk 0:00:59]} Rc1+ {[%clk 0:00:23]} 60. Kg2 {[%clk 0:01:08]} Rc2+
{[%clk 0:00:32]} 61. Kf1 {[%clk 0:01:16]} Rc1+ {[%clk 0:00:15]} 62. Kg2
{[%clk 0:01:25]} Rc2+ {[%clk 0:00:23]} 63. Kf1 {[%clk 0:01:35]} Rc3
{[%clk 0:00:29]} 64. g7 {[%clk 0:01:11]} Rc1+ {[%clk 0:00:21]} 65. Ke2
{[%clk 0:01:18]} Re1+ {[%clk 0:00:20]} 66. Kd3 {[%clk 0:01:16]} Rxe6
{[%clk 0:00:18]} 67. g8=Q {[%clk 0:01:26]} Rxc6 {[%clk 0:00:18]} 68. Qd5
{[%clk 0:01:33]} Rb6 {[%clk 0:00:13]} 69. Qxc5 {[%clk 0:01:39]} Bf6
{[%clk 0:00:15]} 70. Qe3+ {[%clk 0:01:38]} Kg4 {[%clk 0:00:23]} 71. Qe2+
{[%clk 0:01:47]} Kg3 {[%clk 0:00:28]} 72. Qe1+ {[%clk 0:01:47]} Kg4
{[%clk 0:00:33]} 73. c5 {[%clk 0:01:42]} Rb3+ {[%clk 0:00:40]} 74. Kc4
{[%clk 0:01:51]} Rf3 {[%clk 0:00:15]} 75. c6 {[%clk 0:01:35]} Rf4+
{[%clk 0:00:23]} 76. Kd5 {[%clk 0:01:35]} Rd4+ {[%clk 0:00:13]} 77. Ke6
{[%clk 0:01:39]} Re4+ {[%clk 0:00:15]} 78. Qxe4+ {[%clk 0:01:47]} fxe4
{[%clk 0:00:24]} 79. Kxf6 {[%clk 0:01:54]} e3 {[%clk 0:00:33]} 80. c7
{[%clk 0:02:03]} e2 {[%clk 0:00:32]} 81. c8=Q+ {[%clk 0:02:11]} Kf3
{[%clk 0:00:41]} 82. Qf5+ {[%clk 0:02:19]} Ke3 {[%clk 0:00:49]} 83. Qe5+
{[%clk 0:02:28]} Kd2 {[%clk 0:00:57]} 84. Qd4+ {[%clk 0:02:37]} 1-0

[Event "Rapid 2018"]
[Site "Saint-Petersburg"]
[Date "2018.12.27"]
[Round "10"]
[Board "45"]
[White "Van Foreest Jorden (NED)"]
[Black "Khismatullin Denis (RUS)"]
[Result "1-0"]
[LiveChessVersion "1.4.8"]
[BlackElo "2632"]
[WhiteElo "2401"]

1. e4 {[%clk 0:15:17]} d6 {[%clk 0:15:19]} 2. d4 {[%clk 0:15:24]} Nf6
{[%clk 0:15:28]} 3. Nc3 {[%clk 0:15:32]} e5 {[%clk 0:15:36]} 4. Nf3
{[%clk 0:15:39]} Nbd7 {[%clk 0:15:46]} 5. Bc4 {[%clk 0:15:44]} Be7
{[%clk 0:15:55]} 6. a4 {[%clk 0:15:50]} O-O {[%clk 0:16:02]} 7. O-O
{[%clk 0:15:56]} c6 {[%clk 0:16:10]} 8. h3 {[%clk 0:15:56]} exd4 {[%clk 0:15:56]}
9. Qxd4 {[%clk 0:15:05]} Nc5 {[%clk 0:15:24]} 10. Re1 {[%clk 0:15:12]} Be6
{[%clk 0:14:45]} 11. Bf4 {[%clk 0:14:06]} d5 {[%clk 0:11:58]} 12. exd5
{[%clk 0:14:01]} cxd5 {[%clk 0:12:06]} 13. Ba2 {[%clk 0:13:50]} Nce4
{[%clk 0:11:09]} 14. Nxe4 {[%clk 0:13:17]} dxe4 {[%clk 0:08:58]} 15. Qxd8
{[%clk 0:11:53]} Raxd8 {[%clk 0:08:59]} 16. Bxe6 {[%clk 0:10:20]} fxe6
{[%clk 0:09:07]} 17. Ng5 {[%clk 0:09:17]} Nd5 {[%clk 0:08:47]} 18. Nxe6
{[%clk 0:09:24]} Nxf4 {[%clk 0:08:19]} 19. Nxd8 {[%clk 0:09:31]} Rxd8
{[%clk 0:06:55]} 20. Rxe4 {[%clk 0:09:38]} Ng6 {[%clk 0:07:04]} 21. Rae1
{[%clk 0:09:30]} Kf7 {[%clk 0:07:10]} 22. g3 {[%clk 0:09:19]} Rd5
{[%clk 0:05:53]} 23. Kg2 {[%clk 0:09:13]} Bf6 {[%clk 0:05:37]} 24. Rb4
{[%clk 0:08:25]} b6 {[%clk 0:05:29]} 25. Re2 {[%clk 0:08:20]} Ne7
{[%clk 0:04:47]} 26. Rb5 {[%clk 0:08:27]} Rxb5 {[%clk 0:04:16]} 27. axb5
{[%clk 0:08:35]} Nf5 {[%clk 0:03:45]} 28. c4 {[%clk 0:07:50]} Nd4
{[%clk 0:03:22]} 29. Re3 {[%clk 0:07:59]} Nc2 {[%clk 0:02:31]} 30. Re4
{[%clk 0:07:38]} Nb4 {[%clk 0:02:23]} 31. Re2 {[%clk 0:06:37]} Nd3
{[%clk 0:01:55]} 32. b3 {[%clk 0:06:26]} Nc1 {[%clk 0:01:58]} 33. Re3
{[%clk 0:05:58]} Bd4 {[%clk 0:02:05]} 34. Rf3+ {[%clk 0:05:47]} Ke6
{[%clk 0:02:14]} 35. Kf1 {[%clk 0:05:55]} Ke5 {[%clk 0:01:19]} 36. b4
{[%clk 0:04:46]} Ke4 {[%clk 0:00:50]} 37. Ra3 {[%clk 0:04:26]} Nd3
{[%clk 0:00:21]} 38. Rxa7 {[%clk 0:04:22]} Nxb4 {[%clk 0:00:23]} 39. Ke2
{[%clk 0:04:29]} Bf6 {[%clk 0:00:17]} 40. Rd7 {[%clk 0:04:03]} Ke5
{[%clk 0:00:14]} 41. Ke3 {[%clk 0:01:54]} Nc2+ {[%clk 0:00:14]} 42. Kd3
{[%clk 0:01:55]} Nb4+ {[%clk 0:00:21]} 43. Ke3 {[%clk 0:01:59]} Nc2+
{[%clk 0:00:27]} 44. Kd2 {[%clk 0:01:59]} Nb4 {[%clk 0:00:13]} 45. c5
{[%clk 0:00:45]} bxc5 {[%clk 0:00:19]} 46. b6 {[%clk 0:00:53]} Ke6
{[%clk 0:00:24]} 47. b7 {[%clk 0:01:01]} Na6 {[%clk 0:00:21]} 48. Rc7
{[%clk 0:01:08]} Nb8 {[%clk 0:00:12]} 49. Rxc5 {[%clk 0:00:39]} Kd7
{[%clk 0:00:12]} 50. Kd3 {[%clk 0:00:44]} Na6 {[%clk 0:00:12]} 51. Rc8
{[%clk 0:00:30]} Be5 {[%clk 0:00:20]} 52. Ke4 {[%clk 0:00:39]} Bc7
{[%clk 0:00:28]} 53. Rg8 {[%clk 0:00:47]} 1-0

[Event "Rapid 2018"]
[Site "Saint-Petersburg"]
[Date "2018.12.27"]
[Round "10"]
[Board "47"]
[White "Dreev Aleksey (RUS)"]
[Black "Popov Valerij (RUS)"]
[Result "1-0"]
[LiveChessVersion "1.4.8"]
[BlackElo "2531"]
[WhiteElo "2671"]

1. d4 {[%clk 0:15:19]} d5 {[%clk 0:15:19]} 2. c4 {[%clk 0:15:27]} e6
{[%clk 0:15:28]} 3. Nf3 {[%clk 0:15:32]} Nd7 {[%clk 0:15:30]} 4. Nc3
{[%clk 0:15:28]} Ngf6 {[%clk 0:15:38]} 5. Qc2 {[%clk 0:15:18]} dxc4
{[%clk 0:14:29]} 6. e4 {[%clk 0:15:21]} c5 {[%clk 0:13:03]} 7. dxc5
{[%clk 0:13:11]} Bxc5 {[%clk 0:13:09]} 8. Bxc4 {[%clk 0:13:19]} a6
{[%clk 0:12:03]} 9. a4 {[%clk 0:10:07]} Qc7 {[%clk 0:12:11]} 10. O-O
{[%clk 0:09:05]} Ng4 {[%clk 0:09:23]} 11. Be2 {[%clk 0:07:40]} b6
{[%clk 0:08:38]} 12. Bg5 {[%clk 0:06:40]} Bb7 {[%clk 0:08:19]} 13. Rac1
{[%clk 0:06:25]} h6 {[%clk 0:06:20]} 14. Bh4 {[%clk 0:06:26]} Bd6
{[%clk 0:06:01]} 15. h3 {[%clk 0:05:52]} Nh2 {[%clk 0:05:56]} 16. Nb5
{[%clk 0:04:05]} Nxf3+ {[%clk 0:06:04]} 17. Bxf3 {[%clk 0:04:14]} Bh2+
{[%clk 0:05:56]} 18. Kh1 {[%clk 0:04:23]} Qxc2 {[%clk 0:05:12]} 19. Rxc2
{[%clk 0:04:32]} axb5 {[%clk 0:05:19]} 20. Kxh2 {[%clk 0:04:38]} bxa4
{[%clk 0:04:11]} 21. Rc7 {[%clk 0:04:46]} Nc5 {[%clk 0:04:06]} 22. Rc1
{[%clk 0:03:55]} O-O {[%clk 0:01:49]} 23. Be7 {[%clk 0:04:03]} Rfc8
{[%clk 0:01:34]} 24. R1xc5 {[%clk 0:04:11]} bxc5 {[%clk 0:01:43]} 25. Rxb7
{[%clk 0:04:19]} Rcb8 {[%clk 0:01:53]} 26. Rc7 {[%clk 0:03:42]} Rxb2
{[%clk 0:01:51]} 27. e5 {[%clk 0:03:50]} Rab8 {[%clk 0:01:37]} 28. Bd6
{[%clk 0:02:44]} Rxf2 {[%clk 0:01:28]} 29. Rxc5 {[%clk 0:02:07]} Rd8
{[%clk 0:01:25]} 30. Ra5 {[%clk 0:01:56]} Ra2 {[%clk 0:01:28]} 31. Ra7
{[%clk 0:01:37]} g5 {[%clk 0:01:20]} 32. Bh5 {[%clk 0:01:32]} Rf2
{[%clk 0:01:12]} 33. Rxa4 {[%clk 0:01:36]} f6 {[%clk 0:01:05]} 34. Kg3
{[%clk 0:01:24]} Rc2 {[%clk 0:00:40]} 35. exf6 {[%clk 0:00:58]} 1-0